Vài nét về loại hình thơ vô đề Việt Nam thời trung đại /
Zapisane w:
| 1. autor: | |
|---|---|
| Format: | Artykuł |
| Język: | Vietnamese |
| Hasła przedmiotowe: | |
| Etykiety: |
Dodaj etykietę
Nie ma etykietki, Dołącz pierwszą etykiete!
|
| Thư viện lưu trữ: | Thư viện Trường Đại học Đà Lạt |
|---|
| LEADER | 00700nam a2200253 4500 | ||
|---|---|---|---|
| 001 | DLU090075366 | ||
| 005 | ##20090528 | ||
| 040 | # | # | |a DLU |b vie |
| 041 | # | # | |a vie |
| 044 | # | # | |a vn |
| 100 | # | # | |a Nguyễn Phạm Hùng, |c PTS. |
| 245 | # | # | |a Vài nét về loại hình thơ vô đề Việt Nam thời trung đại / |c Nguyễn Phạm Hùng. |
| 653 | # | # | |a Triết học phương Đông |
| 653 | # | # | |a Văn học sử |
| 653 | # | # | |a Văn học trung đại |
| 773 | # | # | |t Tạp chí văn học |g Số 2, 1998, tr. 38-45 |
| 994 | # | # | |a DLU |
| 900 | # | # | |a True |
| 911 | # | # | |a Nguyễn Thị Linh Chi |
| 925 | # | # | |a G |
| 926 | # | # | |a A |
| 927 | # | # | |a BB |
| 980 | # | # | |a Thư viện Trường Đại học Đà Lạt |